Normal view MARC view
  • Malaya

Entry Geographic Name

Number of records used in: 2

001 - CONTROL NUMBER

  • control field: 7692

003 - CONTROL NUMBER IDENTIFIER

  • control field: OSt

005 - DATE AND TIME OF LATEST TRANSACTION

  • control field: 20170524121730.0

008 - FIXED-LENGTH DATA ELEMENTS

  • fixed length control field: 170524|| aca||aabn | a|a d

040 ## - CATALOGING SOURCE

  • Original cataloging agency: OSt
  • Transcribing agency: OSt

151 ## - HEADING--GEOGRAPHIC NAME

  • Geographic name: Malaya
  • General subdivision: History
  • Chronological subdivision: Japanese occupation, 1942-1945

670 ## - SOURCE DATA FOUND

  • Source citation: Work cat.: (OSt)0: Abdul Aziz Zakaria, Tan Sri Datuk, 1923- 7691, British, Japanese and independent Malaysia :, 1989
Pusat Sumber Maklumat Dato' Haji Sarmin Md Hussin, Akademi Kastam Diraja Malaysia, Melaka
Tel: 06-2331106 | Faks: 06-2313787